000 00360nam a2200145Ia 4500
008 230917s9999||||xx |||||||||||||| ||und||
040 _e78473
_aMAIN
041 _aEnglish
082 _a340 S73M
100 _aSetalvad, Motilal C
245 0 _aMy life: law and other things
260 _aDelhi
_bUniversal Law
_c2000
300 _axvii, 636 p.
942 _cBK
999 _c103992
_d103992